The right to refuse treatment: four case studies of legal mobilization

Gespeichert in:  
Bibliographische Detailangaben
1. VerfasserIn: Milner, N. (Verfasst von)
Medienart: Druck Aufsatz
Sprache:Englisch
Veröffentlicht: 1987
In: Law & society review
Jahr: 1987, Band: 21, Seiten: 447-487
Verfügbarkeit prüfen: HBZ Gateway
Schlagwörter:

MARC

LEADER 00000caa a22000002c 4500
001 1637164378
003 DE-627
005 20220608114538.0
007 tu
008 140408s1987 xx ||||| 00| ||eng c
035 |a (DE-627)1637164378 
035 |a (DE-576)403692393 
035 |a (DE-599)BSZ403692393 
040 |a DE-627  |b ger  |c DE-627  |e rakwb 
041 |a eng 
100 1 |a Milner, N.  |4 aut 
245 1 4 |a The right to refuse treatment  |b four case studies of legal mobilization  |c N. Milner 
264 1 |c 1987 
336 |a Text  |b txt  |2 rdacontent 
337 |a ohne Hilfsmittel zu benutzen  |b n  |2 rdamedia 
338 |a Band  |b nc  |2 rdacarrier 
773 0 8 |i In  |t Law & society review  |d Amherst, Mass. : Assoc., 1966  |g 21(1987), Seite 447-487  |w (DE-627)130438685  |w (DE-600)700350-X  |w (DE-576)015933008  |x 0023-9216  |7 nnas 
773 1 8 |g volume:21  |g year:1987  |g pages:447-487 
951 |a AR 
ELC |b 1 
LOK |0 000 xxxxxcx a22 zn 4500 
LOK |0 001 329525575X 
LOK |0 003 DE-627 
LOK |0 004 1637164378 
LOK |0 005 20140408112411 
LOK |0 008 140408||||||||||||||||ger||||||| 
LOK |0 040   |a DE-21-110  |c DE-627  |d DE-21-110 
LOK |0 689   |a s  |a Rechte 
LOK |0 689   |a s  |a Behandlungsverweigerung 
LOK |0 852   |z Kein Bestand am IfK; Nachweis für KrimDok 
LOK |0 852   |a DE-21-110 
LOK |0 852 1  |m v  |9 00 
LOK |0 935   |a k110 
LOK |0 938   |k v 
LOK |0 939   |a 08-04-14  |b l01 
ORI |a SA-MARC-krimdoka001.raw